| 000 | 00640nam a22002057a 4500 | ||
|---|---|---|---|
| 003 | OSt | ||
| 005 | 20140310181929.0 | ||
| 008 | 130722t xxu||||| |||| 00| 0 eng d | ||
| 050 |
_aQA 11 _b.C241 2010 |
||
| 082 |
_aTR 510 _bC237bfpm 2010 |
||
| 100 |
_aCapewell _92544 |
||
| 245 |
_aOxford GCSE maths for Edexcel : _bspecification B - foundation plus - modular / _cCapewell |
||
| 260 |
_aOxford _bOxford University Press. _cc2010. |
||
| 300 |
_a440 p. _bill. ; _c25 cm. |
||
| 520 | _aFaculty | ||
| 541 | _j1 | ||
| 562 | _e1 | ||
| 650 |
_aMathematics _xStudy and teaching (Secondary) _xGreat Britain. _92545 |
||
| 942 |
_2lcc _cBK-TR _kTR |
||
| 999 |
_c7268 _d7268 |
||